000 01594nam0a2200325 4500
001 RU\NLR\bibl\790458
005 20250614122336.0
010 _a5-7736-031-5
021 _aRU
_b2004-36035
_91806
035 _a(NLR Aleph) 000779703
090 _a1054295
_c1054295
100 _a20050420d2002 |||y0rusy50 ca
101 0 _aukr
102 _aUA
_aRU
105 _aa |||||||||
200 1 _aВетеринарна санiтарiя i гiгiєна в рибництвi
_eнавчальний посiбник
_eдля студентiв вищих навчальних закладiв III-IV рiвнiв акредитацiï з спецiальностi 7.130501 "Ветеринарна медицина"
_fК.В. Секретарюк, М.М. Данко, В.В. Стибель
_gМ-во аграр. полiтики Украïни, Львiв. держ. акад. вет. медицины iм. С.З. Гжицького
210 _aЛьвiв
_c[б.и.]
_aМосква
_cУниверсум Паблишинг
_d2002
215 _a177 с.
_cил.
_d20
606 1 _aРыбоводство
_xВетеринарно-санитарные правила
_91263889
_3RU\NLR\auth\66201691
606 1 _aРыбоводство
_xГигиена труда
_91599201
_3RU\NLR\auth\66703753
686 _aР124.547
686 _aП817.25
700 1 _aСекретарюк
_bК. В.
_gКiм Васильович
_4070
701 1 _aДанко
_bМ. М.
_4070
701 1 _aСтибель
_bВ. В.
_4070
801 0 _aRU
_bNLR
_c20050420
_gPSBO
801 1 _aRU
_bNLR
_c20050420
942 _cBOOK
980 _aNB